000 00853nam a2200229 a 4500
001 000344935
003 AM-YeHGA
005 20250617131200.0
008 040618s1985 ||| r 000 0 rus d
040 _aAM-YeHGA
041 0 _arus
100 1 _aПолканов, Александр Иванович
245 1 0 _aСудак :
_bПутеводитель /
_cА.И. Полканов, Ю.А. Полканов.
260 _aСимферополь :
_bТаврия,
_c1985.
300 _a144 с.
_b[8] л. ил.
440 0 _aГорода Крыма
504 _aБиблиогр.: с. 138-139
653 0 _aСудак, г. [Крым. обл.] - Путеводители
653 0 _aПутеводители - по Судаку, г. [Крым. обл.]
700 1 _aПолканов, Юрий Александрович.
090 _c132647
999 _c131281
_d131281